Three Matching Vowels Quiz Stats

 Plays Quiz Updated Nov 8, 2016

Also try: Match 'Em Up Blitz
Challenge
Share
Tweet
Embed
Score 0/20 Timer 07:00
0 Plays Today
Clue Word % Correct
This is both a famous atoll and a two-piece swimsuit named for itbikini
89.1%
A cosmetic that is used to make one's eyelashes darker and more prominentmascara
84.6%
This brand name has become synonymous with facial tissuesKleenex
83.5%
This peak in the Himalayas was first climbed by Sir Edmund HillaryEverest
79.8%
This is both the name of a music festival and Snoopy's sidekickWoodstock
78%
A former prison island named for the Spanish word for PelicanAlcatraz
73.2%
This computer program's name has become a verb meaning to doctor picturesPhotoshop
72.5%
This North African country has its capital at Rabat and is home to CasablancaMorocco
66.8%
It is a good ability to be able to handle the constructive form of thiscriticism
63.7%
This word means unlawful and is often used to describe street drugsillicit
61.1%
Clue Word % Correct
Hermes served in this role for the Greek pantheon, and Mercury for the Romansmessenger
55%
An indented collection of sentences about the same topicparagraph
52.4%
This magazine, owned by the Washington Post, is a direct competitor to Time Newsweek
52.3%
This sect of Judaism strictly adheres to the Torah and the TalmudOrthodox
44.9%
A female demonic form that attacks men sexually during their sleepsuccubus
31.1%
This word is Swahili for freedom and is the source of a Star Trek officer's surnameuhuru
25.8%
The first name of the wizard Fletcher who is in the Order of the PhoenixMundungus
25.7%
This is the capital city of the former Soviet Republic of GeorgiaTbilisi
18.4%
Former governor of New Hampshire and the Chief of Staff for George H.W. BushSununu
15.8%
A type of winter melon with usually whitish or yellowish fleshcasaba
13.1%

You're not logged in!

Compare scores with friends on all Sporcle quizzes.
Join for Free
OR
Log In

You Might Also Like...

Show Comments

Extras

Top Quizzes Today


Score Distribution

Your Account Isn't Verified!

In order to create a playlist on Sporcle, you need to verify the email address you used during registration. Go to your Sporcle Settings to finish the process.

Report this User

Report this user for behavior that violates our Community Guidelines.

Details: